Maigret. (Registro nro. 2741)
[ vista simple ]
| 000 -LEADER | |
|---|---|
| fixed length control field | 01282nam a2200205 a 4500 |
| 008 - CAMPO DE CONTROL (LIBRO) | |
| fixed length control field | 180515e1995 sp ||||| |||| 00| f spa d |
| 020 ## - INTERNATIONAL STANDARD BOOK NUMBER | |
| ISBN | 8472239055 |
| 041 ## - CODIGO DE IDIOMA | |
| Código de idioma del texto/pista de sonido o título separado | spa |
| 092 ## - SIGNATURA TOPOGRAFICA DEWEY LOCAL | |
| Edition number | 1a ed. |
| número de clasificación | 808 |
| libristica | 79 |
| sección | SIM |
| 100 1# - ENTRADA PRINCIPAL--NOMBRE PERSONAL | |
| Nombre personal | Simenon, Georges. |
| 9 (RLIN) | 3911 |
| 245 ## - TITULO PROPIAMENTE DICHO | |
| Título | Maigret. |
| Subtítulo y Título paralelo | Liberty Bar / |
| Mención de responsabilidad y remanente de la transcripción de la portada | Georges Simenon |
| 250 ## - MENCION DE EDICION | |
| Mención de edición | 1a ed. |
| Mención de responsabilidad relacionada con la ed. | Traducción de Carlos Pujol |
| 260 ## - PIE DE IMPRENTA | |
| Lugar de publicación, distribución, etc | Barcelona: |
| Nombre de la editorial, distribuidor, etc | Planeta; |
| Fecha de publicación | 1995. |
| 300 ## - DESCRIPCION FISICA | |
| Extension | 174 p. |
| 500 ## - NOTA GENERAL | |
| Nota general | Simenon, G. (1995). Maigret. Liberty Bar. (1a ed.). Barcelona : Planeta. |
| 505 ## - NOTA DE CONTENIDO | |
| Nota de contenido formateada | El aspecto general, la expresión del rostro, esa mirada demasiado serena, ese rictus a la vez bondadoso e irónico de los labios... Al mirar una fotografía de la victima, el comisario Maigret tiene la sensación de haber conocido a William Brown, ese australiano antaño riquísimo que un buen día, harto de Australia y de las ovejas, de su familia y del dinero, decidió perderse en la indolente pereza que flota en el Liberty, un bar situado a la sombra de los lujosos hoteles de Cannes. El comisario investiga el caso muy intrigado, a veces enfadado: ese hombre que ha muerto de una cuchillada en la espalda ¡tiene además la osadía de parecérsele! |
| 590 ## - NOTAS LOCALES (RLIN) | |
| Nota local | DONACION DR. Andres Gallardo Mayo 2018 |
| 655 ## - MATERIA - GENERO/FORMA | |
| Género/Forma | Literatura |
| -- | 2917 |
| 942 ## - ADDED ENTRY ELEMENTS (KOHA) | |
| Source of classification or shelving scheme | Dewey Decimal Classification |
| Item type | LITERATURA |
| Estado de retiro | Existencia | Fuente de clasificación | Estado general | No para prestamo | Ubicación permanente | ubicación actual | Sala de ubicación | Fecha de adquisición | Fuente de adquisición | Total Checkouts | Número de clasificación | Código de barras | Date last seen | Número de ejemplar | Price effective from | Koha tipo de elemento (item) | Public note |
|---|---|---|---|---|---|---|---|---|---|---|---|---|---|---|---|---|---|
| Dewey Decimal Classification | Biblioteca Medicina | Biblioteca Medicina | Circulación | 15/05/2018 | Donacion | 808 79 SIM | 4240 | 15/05/2018 | Ej. 1 | 15/05/2018 | LITERATURA | DONACION DR. Andres Gallardo Mayo 2018 |